Szczegóły MARC21

Kurs na Szczecin : the Tall Ships' Races 2007, Szczecin /

003 -Nazwa inst., której nr kontr. jest w polu 001 [,]
    • @
    • Nazwa instytucji, której n kontrolny jest w polu 001
    • NUKAT
005 -DATA I CZAS OSTATNIEJ MODYFIKACJI [,]
    • @
    • pole kontrolne
    • 20241231111301.0
020 -Międzynarod. znormalizowany nr książki - ISBN [ , ]
    • a
    • Numer ISBN
    • 9788375180930 Find
040 -Instytucja sporządzająca opis [ , ]
    • a
    • Instytucja, która sporządziła opis (NP)
    • SZCZ M/HS
    • c
    • Instytucja, która sporządziła rekord (NP)
    • SZCZ M/HS
041 -Język dokumentu [1, ]
    • a
    • Język tekstu (P)
    • polski
    • a
    • Język tekstu (P)
    • angielski
    • h
    • Język tekstu oryginalnego i/lub pośredniego (P)
    • polski
942 -Rodzaj dokumentu [ , ]
    • c
    • Rodzaj dokumentu
    • Książka
245 -Strefa tytułu i oznaczenia odpowiedzialności [0,0]
    • a
    • Tytuł
    • Kurs na Szczecin : Find
    • b
    • Ciąg dalszy tytułu (NP)
    • the Tall Ships' Races 2007, Szczecin / Find
    • c
    • Pozostałe elementy strefy tytułu i oznaczenia odpowiedzialności (NP)
    • [tekst Marcin Kowalski ; tł. Michał Biela].
260 -Strefa adresu wydawniczego [ , ]
    • a
    • Miejsce wydania (P)
    • Szczecin :
    • b
    • Nazwa wydawcy (P)
    • PPH ZAPOL Dmochowski Sobczyk,
    • c
    • Data wydania (P)
    • 2008.
300 -Strefa opisu fizycznego [ , ]
    • a
    • Określenie formy książki i/lub objętość (NP)
    • [120] s. :
    • b
    • Oznaczenie ilustracji (NP)
    • il. kolor. ;
    • c
    • Format (NP)
    • 24x33 cm.
336 -Typ zawartości [ , ]
    • a
    • Termin opisujący typ zawartości
    • Tekst
    • b
    • Kod określający zawartość
    • txt
    • 2
    • Źródło (terminu i kodu)
    • rdacontent
337 -Typ mediów [ , ]
    • a
    • Tryb odtwarzania
    • Bez urządzenia pośredniczącego
    • b
    • Kod typu mediów
    • n
    • 2
    • Źródło (terminu i kodu)
    • rdamedia
338 -Typ/rodzaj nośnika [ , ]
    • a
    • Hasło opisujące typ nośnika
    • Wolumin
    • b
    • Kod typu nośnika
    • nc
    • 2
    • Źródło (terminu i kodu)
    • rdacarrier
500 -Uwaga ogólna [ , ]
    • a
    • Uwaga ogólna (NP)
    • Album, zawiera gł. zdjęcia.
500 -Uwaga ogólna [ , ]
    • a
    • Uwaga ogólna (NP)
    • Na s. red. i okł. błędny zapis ISBN: 97-88375-18-09-30.
546 -Uwaga dot. języka [ , ]
    • a
    • Uwaga dot. języka
    • Tekst pol. i równol. przekł. ang.
700 -Hasło dodatkowe - nazwa osobowa [1, ]
    • a
    • Nazwa osobowa (NP)
    • Kowalski, Marcin Find
    • c
    • Dopowiedzenie inne niż daty biograficzne (NP)
    • (spółdzielczość).
    • 9
    • KHW
    • 610902
700 -Hasło dodatkowe - nazwa osobowa [1, ]
    • a
    • Nazwa osobowa (NP)
    • Biela, Michał. Find
    • e
    • Określenie rodzaju współpracy
    • Tł.
    • 9
    • KHW
    • 88490
710 -Hasło dodatkowe - nazwa ciała zbiorowego [2, ]
    • a
    • Nazwa ciała zbiorowego lub nazwa geograficzna jako pierwszy element (NP)
    • Przedsiębiorstwo Produkcyjno-Handlowe ZAPOL Dmochowski, Sobczyk.
    • 4
    • Kod relacji
    • pbl
    • 9
    • KHW
    • 54289
920 -ISBN [ , ]
    • a
    • ISBN
    • 978-83-7518-093-0 Find
Lokalizacja Status udost. Numer inwentarzowy
BG1Ikn.1145